IDEAS TO TRANSFORM THE WAY OF LIFE/ (Record no. 211168)

MARC details
000 -LEADER
fixed length control field 00605nam a22001817a 4500
010 ## - LCCN (DPL NO)
LC control number ENG-144806
020 ## - INTERNATIONAL STANDARD BOOK NUMBER
International Standard Book Number 978939420129
Terms of availability 1350.00
035 ## - SYSTEM CONTROL NUMBER
System control number EN-128338
037 ## - SOURCE OF ACQUISITION
Source of stock number/acquisition DBAD
082 ## - DEWEY DECIMAL CLASSIFICATION NUMBER
Edition number 2022
Classification number 158.1
100 ## - MAIN ENTRY--PERSONAL NAME
Personal name PAL,B.K.
245 ## - TITLE STATEMENT
Title IDEAS TO TRANSFORM THE WAY OF LIFE/
Statement of responsibility, etc B.K. PAL
250 ## - EDITION STATEMENT
Edition statement 2022
260 ## - PUBLICATION, DISTRIBUTION, ETC. (IMPRINT)
Place of publication, distribution, etc DELHI
Name of publisher, distributor, etc BLUE INK INTERNATIONAL PUBLSIHERS&DISTRIBUTORS
Date of publication, distribution, etc 2022
270 ## - ADDRESS
Address 1/11137, TOP FLOOR, LANE NO. 10, NEAR KIRTI MANDIR, SUBHASH PARK,
City SHAHDARA,
Postal code 110032
Electronic mail address blueinkipd2021@gmail.com
300 ## - PHYSICAL DESCRIPTION
Extent 260p.
Dimensions 22cm.(HB)
942 ## - ADDED ENTRY ELEMENTS (KOHA)
Source of classification or shelving scheme Dewey Decimal Classification
Item type English Books
Classification part 158.1
Call number suffix PAL
Holdings
Withdrawn status Lost status Not for loan Collection code Home library Current library Date acquired Source of acquisition Cost, normal purchase price Full call number Barcode Copy number Cost, replacement price Koha item type
      Non-fiction Mobile Library Mobile Library 07/05/2025 DBAD 1350.00 158.1 PAL EN-128338 1 1350.00 English Books

© Delhi Public Library
Hit Counter
free hit counter